000 00271nam a22001217a 4500
008 190225b xxu||||| |||| 00| 0 eng d
041 _aeng
080 _a316
100 _a50
101 _aSOC
245 _aIntroducing Christian Ethics
_cBarnette, H.H
942 _2udc
_cBK
999 _c54192
_d54192